000 00931nas a2200277 4500
001 BR8103524
003 BR-BrBNA
005 20231205084801.0
007 ta
008 230509b bl.|||p| |||| 00| 00por d
040 _aBR-BrBNA
_bpor
_cBiblioteca Nacional de Agricultura
041 _a(Pt)
072 _aF10; F00
100 1 _aSilva, W.J. da
245 1 _aAptidoes climaticas para as culturas do girassol, da mamona e do amendoim [Helianthus annuus; Ricinus communis; Arachis hypogaea; Minas Gerais; Brasil]
650 _aMeteorologia
650 _aProducao vegetal
650 _aGirassol
650 _aMamona
650 _aAmendoim
650 _aZona climatica
650 _aMinas Gerais
773 0 _tInforme Agropecuario - Empresa de Pesquisa Agropecuaria de Minas Gerais (Brazil)
_xISSN 0100-3364
_g(Oct 1981), v. 7(82) p. 24-28
_wBR8103524
909 _a202311
_bLúcia
_c55
_dLúcia Elande
942 _2AGRIS
_n0
_cANA
999 _c107253
_d107253